Villes de club de Football 1 - Statistiques

Statistiques générales
  • Ce quiz a été pris 74 fois
  • Le résultat moyen est 9 sur 20
Statistiques - réponses
Par images Réponse % Correct
Séville
87%
Birmingham
76%
Palerme
71%
Londres
69%
Casablanca
68%
Lyon
65%
Bruxelles
59%
Madrid
59%
Mexico
49%
Monterrey
49%
Brugges
37%
Porto Alegre
28%
Djeddah
26%
Rosario
26%
Stockholm
25%
Belo Horizonte
22%
Santiago
18%
Téhéran
13%
Munich
10%
Tizi Ouzou
6%
Aucun quiz correspondant
Distribution des résultats
% des personnes avec chaque résultat
Percentile par nombre de réponses
Votre historique - résultats
Vous n’avez pas pris ce quiz